'L' Entertainment Images Quiz Stats

 Plays Quiz Updated Apr 20, 2018

Challenge
Share
Tweet
Score 0/25 Timer 04:00
4 Plays Today
picture name % Correct
Toys/GamesLEGO
96.3%
The Lion King
90%
Disney CharactersLilo Pelekai
88.5%
MusiciansLady Gaga
83.5%
Looney Tunes
81.3%
Lionel Richie
78.1%
Movie TitlesLawrence of Arabia
74.4%
Lara Croft:Tomb Raider
70.7%
Lenny Kravitz
68.8%
Little Miss Sunshine
68%
A League of Their Own
67.4%
Lil Wayne
66.1%
Lincoln Logs
65.8%
picture name % Correct
Louie
65.7%
Laser Tag
60.4%
Little John
59.7%
Laverne and Shirley
59.4%
TV ShowsLaw & Order
59.4%
Lumière
55.4%
Leave It To Beaver
52.7%
Labyrinth
52.5%
Lizzie McGuire
45.4%
Legend of Zelda
37%
Led Zeppelin
35.7%
Lucifer
35.2%

You're not logged in!

Compare scores with friends on all Sporcle quizzes.
OR
Log In

You Might Also Like...

Show Comments

Extras

Top Quizzes Today


Score Distribution

Your Account Isn't Verified!

In order to create a playlist on Sporcle, you need to verify the email address you used during registration. Go to your Sporcle Settings to finish the process.

Report this User

Report this user for behavior that violates our Community Guidelines.

Details: